[Event "Unisource IV"]
[Site "Montreal CAN"]
[Date "2009.02.28"]
[Round "3"]
[White "Sarrazin-Gendron, Roman"]
[Black "Chiku-Ratte, Olivier-Kenta"]
[Result "1-0"]
[WhiteElo "1641"]
[BlackElo "1583"]
[PlyCount "137"]
[EventDate "2009.02.27"]
[EventType "tourn"]
[EventRounds "5"]
[EventCountry "CAN"]

1. Nf3 Nf6 2. g3 g6 3. Bg2 Bg7 4. O-O O-O 5. c4 d6 6. Nc3 Nbd7 7. b4 e5 8. Bb2
Ne8 9. d4 exd4 10. Nxd4 Nb6 11. Qd3 c6 12. e3 Nc7 13. Rfd1 Ne6 14. Qe2 Re8 15.
Nxe6 Bxe6 16. c5 Nc8 17. cxd6 Nxd6 18. Ne4 Bxb2 19. Qxb2 Nc4 20. Nf6+ Kf8 21.
Nxh7+ Kg8 22. Nf6+ Kf8 23. Rxd8 Nxb2 24. Rxe8+ Rxe8 25. Nxe8 Kxe8 26. Bf1 a6
27. Be2 Na4 28. a3 Nc3 29. Bd3 Na4 30. h4 Nb2 31. Be2 b5 32. Bf1 Nc4 33. Bxc4
bxc4 34. Rd1 c3 35. Rc1 Kd7 36. Rxc3 Kc7 37. Rc5 Kb6 38. Kg2 f5 39. Kf3 Bd5+
40. Kf4 Kc7 41. h5 gxh5 42. Kxf5 Kd6 43. e4 Be6+ 44. Kf6 Bg4 45. f4 Kd7 46. e5
Be6 47. f5 Bg8 48. Kg5 Ke7 49. Kxh5 Bd5 50. g4 Kf7 51. Kg5 Ke7 52. e6 Be4 53.
Kf4 Bd5 54. Ke5 a5 55. Rxd5 cxd5 56. Kxd5 axb4 57. axb4 Kd8 58. Kd6 Ke8 59. e7
Kf7 60. Kd7 Kf6 61. g5+ Kxf5 62. e8=Q Kg4 63. Qe4+ Kh5 64. g6 Kh6 65. g7 Kxg7
66. Ke7 Kg8 67. Qg4+ Kh7 68. Kf7 Kh6 69. Qg6# 1-0

[Event "Unisource IV"]
[Site "Montreal CAN"]
[Date "2009.03.01"]
[Round "4"]
[White "Chiku-Ratte, Olivier-Kenta"]
[Black "Zhu, Hong Rui"]
[Result "1-0"]
[WhiteElo "1583"]
[BlackElo "1590"]
[PlyCount "84"]
[EventDate "2009.02.27"]
[EventType "tourn"]
[EventRounds "5"]
[EventCountry "CAN"]

1. d4 Nf6 2. c4 e6 3. Nc3 Bb4 4. Qc2 Nc6 5. Nf3 d6 6. e4 e5 7. d5 Bxc3+ 8. Qxc3
Nb8 9. Bd3 Nbd7 10. Bg5 O-O 11. O-O h6 12. Bh4 a5 13. a3 a4 14. Nd2 Qe8 15. f4
Nh7 16. fxe5 Qxe5 17. Qc2 Nc5 18. Nf3 Qe8 19. Rae1 Bg4 20. e5 Nxd3 21. Qxd3
dxe5 22. Nxe5 Qc8 23. Be7 Re8 24. Nxf7 Bh5 25. Nxh6+ gxh6 26. Qg3+ Qg4 27. Qe5
Rf8 28. Bxf8 Rxf8 29. Rxf8+ Nxf8 30. h3 Qg6 31. g4 Bxg4 32. hxg4 Qxg4+ 33. Kh2
Qh4+ 34. Kg2 Qxc4 35. Qg3+ Kh8 36. Qc3+ Qxc3 37. bxc3 Nd7 38. Re8+ Kg7 39. Re7+
Kf6 40. Rxd7 Ke5 41. Kf3 h5 42. Ke3 h4 1-0

[Event "Unisource IV"]
[Site "Montreal CAN"]
[Date "2009.03.01"]
[Round "4"]
[White "Lescarbeau, Martin"]
[Black "Chiku-Ratte, Olivier-Kenta"]
[Result "0-1"]
[WhiteElo "1574"]
[BlackElo "1583"]
[PlyCount "21"]
[EventDate "2009.02.27"]
[EventType "tourn"]
[EventRounds "5"]
[EventCountry "CAN"]

1. e4 c5 2. d4 cxd4 3. c3 dxc3 4. Nxc3 Nc6 5. Nf3 d6 6. Bc4 Nf6 7. Bf4 g6 8. e5
dxe5 9. Qxd8+ Nxd8 10. Nxe5 a6 11. Nd5 {...} 0-1

[Event "Mercredi 2009.02.18"]
[Site "Montreal CAN"]
[Date "2009.02.25"]
[Round "2"]
[White "Chiku-Ratte, Olivier-Kenta"]
[Black "Landry, Martin"]
[Result "1-0"]
[WhiteElo "1583"]
[BlackElo "1593"]
[PlyCount "87"]
[EventDate "2009.02.18"]
[EventType "tourn"]
[EventRounds "5"]
[EventCountry "CAN"]

1. d4 Nf6 2. c4 d6 3. Nc3 g6 4. e4 Bg7 5. f4 O-O 6. Nf3 Nbd7 7. Be2 c6 8. O-O
Qc7 9. Re1 Re8 10. d5 Nc5 11. Bd3 Nxd3 12. Qxd3 Nd7 13. Be3 a6 14. Rac1 c5 15.
a3 Rb8 16. b4 b6 17. Bf2 Bh6 18. Bg3 b5 19. cxb5 c4 20. Qd4 axb5 21. e5 dxe5
22. fxe5 Qb6 23. e6 Qxd4+ 24. Nxd4 Nf6 25. Bxb8 Bb7 26. exf7+ Kxf7 27. Bg3 Bxc1
28. Rxc1 Nxd5 29. Nxd5 Bxd5 30. Nxb5 Rc8 31. Nc7 e6 32. a4 Ke7 33. b5 Kd7 34.
b6 Kc6 35. a5 h5 36. Kf2 g5 37. Nxe6 Bxe6 38. Rb1 Kb7 39. a6+ Kxa6 40. b7 Rf8+
41. Ke2 Ka7 42. b8=Q+ Rxb8 43. Bxb8+ Ka6 44. Ke3 1-0

[Event "Lanaudiere U1400"]
[Site "Repentigny CAN"]
[Date "2008.08.15"]
[Round "1"]
[White "Chiku-Ratte, Olivier-Kenta"]
[Black "Selmani, Sam"]
[Result "0-1"]
[WhiteElo "1305"]
[BlackElo "1153"]
[PlyCount "96"]
[EventDate "2008.08.15"]
[EventType "swiss"]
[EventRounds "5"]
[EventCountry "CAN"]

1. d4 Nf6 2. c4 g6 3. Nc3 Bg7 4. e4 O-O 5. e5 Ne8 6. f4 d6 7. Nf3 Bg4 8. Be2
dxe5 9. fxe5 c5 10. Be3 Nc6 11. d5 Bxf3 12. Bxf3 Nxe5 13. Qe2 Nd6 14. Bxc5
Ndxc4 15. Rb1 b6 16. Bf2 Rc8 17. Nd1 Qd7 18. b3 Na3 19. Rb2 Nxf3+ 20. Qxf3 Bxb2
21. Nxb2 Rc1+ 22. Nd1 Rd8 23. O-O Qxd5 24. Qxd5 Rxd5 25. Ne3 Rxf1+ 26. Kxf1 Rd2
27. Bh4 e5 28. Bg3 e4 29. Bb8 a6 30. Bc7 b5 31. Ng4 f5 32. Ne3 Rxa2 33. b4 Nc2
34. Nxc2 Rxc2 35. Bf4 Kf7 36. h3 Kf6 37. g4 Ke6 38. gxf5+ gxf5 39. h4 h5 40.
Bg5 Kd5 41. Ke1 Kd4 42. Bf4 e3 43. Kd1 Kd3 44. Bh6 Rb2 45. Bf4 e2+ 46. Ke1 Rb1+
47. Kf2 e1=Q+ 48. Kf3 Qf1+ 0-1

[Event "Lanaudiere U1400"]
[Site "Repentigny CAN"]
[Date "2008.08.16"]
[Round "2"]
[White "Wang, Kelly"]
[Black "Chiku-Ratte, Olivier-Kenta"]
[Result "0-1"]
[WhiteElo "1216"]
[BlackElo "1305"]
[PlyCount "174"]
[EventDate "2008.08.15"]
[EventType "swiss"]
[EventRounds "5"]
[EventCountry "CAN"]

1. e4 c5 2. Nf3 d6 3. d4 cxd4 4. Nxd4 Nf6 5. Nc3 g6 6. Be3 Bg7 7. f3 Nc6 8. Qd2
O-O 9. O-O-O d5 10. Nxc6 bxc6 11. Bh6 e6 12. Bxg7 Kxg7 13. g4 Bb7 14. exd5 cxd5
15. Bg2 Qa5 16. h4 h5 17. Qd4 Qb6 18. Qe5 Qf2 19. Rdg1 hxg4 20. fxg4 Kg8 21. g5
Nh5 22. Bh3 d4 23. Nd1 Qf4+ 24. Qxf4 Nxf4 25. Rh2 Rfc8 26. Kd2 Be4 27. c3 Rab8
28. Ke1 Bf3 29. cxd4 Rc1 30. Kd2 Rxd1+ 31. Rxd1 Rxb2+ 32. Ke3 Rxh2 33. Kxf3
Nxh3 34. Kg3 Rxa2 35. Kxh3 a5 36. d5 exd5 37. Rxd5 a4 38. Ra5 a3 39. Kg3 Ra1
40. Kg2 a2 41. Kh2 Kf8 42. Ra8+ Ke7 43. Ra7+ Kd6 44. Ra6+ Kc5 45. Ra5+ Kb4 46.
Ra8 Kc4 47. Ra4+ Kd5 48. Ra5+ Kd6 49. Ra6+ Ke5 50. Ra5+ Ke6 51. Ra6+ Kf5 52.
Ra5+ Kg4 53. Ra4+ Kh5 54. Kg2 Rb1 55. Rxa2 Kxh4 56. Ra5 Rb2+ 57. Kf3 Rb4 58.
Ra7 Kxg5 59. Rxf7 Rb3+ 60. Kg2 Kg4 61. Rf2 g5 62. Rd2 Rb4 63. Rf2 Re4 64. Kh2
Kh4 65. Rg2 g4 66. Rg3 Re2+ 67. Rg2 g3+ 68. Kh1 Re3 69. Rg1 Kh3 70. Rd1 Rf3 71.
Kg1 Re3 72. Kh1 Kg4 73. Kg2 Re2+ 74. Kg1 Kh3 75. Kh1 Kg4 76. Kg1 Kf4 77. Kh1
Kf3 78. Kg1 Ke3 79. Kh1 Kf2 80. Rf1+ Ke3 81. Kg1 Ke4 82. Kh1 g2+ 83. Kg1
gxf1=Q+ 84. Kxf1 Kf3 85. Kg1 Kg3 86. Kf1 Re8 87. Kg1 Re1# 0-1

[Event "Lanaudiere U1400"]
[Site "Repentigny CAN"]
[Date "2008.08.16"]
[Round "3"]
[White "Chiku-Ratte, Olivier-Kenta"]
[Black "Blais, Vincent"]
[Result "0-1"]
[WhiteElo "1305"]
[BlackElo "1234"]
[PlyCount "124"]
[EventDate "2008.08.15"]
[EventType "swiss"]
[EventRounds "5"]
[EventCountry "CAN"]

1. d4 d5 2. c4 e6 3. Nc3 Nf6 4. Bg5 Be7 5. Nf3 b6 6. e3 Bb7 7. Bd3 O-O 8. O-O
c5 9. cxd5 Nxd5 10. Bxe7 Qxe7 11. Nxd5 Bxd5 12. b3 cxd4 13. Nxd4 Qb7 14. Qg4
Nd7 15. e4 Nf6 16. Qh4 Bxe4 17. Bxe4 Qxe4 18. Qxe4 Nxe4 19. Rac1 Rac8 20. Nc6
Rc7 21. Nd4 Rfc8 22. Rxc7 Rxc7 23. Nb5 Rd7 24. Rc1 g6 25. f3 Nf6 26. Rc2 Nd5
27. Rd2 a6 28. Nc3 Nf6 29. Rxd7 Nxd7 30. Kf2 f5 31. Ke3 Kf7 32. Kd4 g5 33. a4
Ke7 34. b4 Kd6 35. a5 bxa5 36. bxa5 h5 37. g3 Nc5 38. Kc4 e5 39. Nd1 f4 40.
gxf4 exf4 41. h3 Nb7 42. Kb4 Kd5 43. Nc3+ Kd4 44. Ne4 g4 45. hxg4 hxg4 46. Nd2
g3 47. Nb3+ Ke3 48. Nc5 Nxa5 49. Kxa5 g2 50. Kxa6 g1=Q 51. Kb6 Kxf3 52. Kc6 Ke2
53. Kd5 f3 54. Ne4 Qd1+ 55. Ke5 f2 56. Nxf2 Kxf2 57. Ke4 Qd2 58. Ke5 Qd3 59.
Kf4 Qd5 60. Kg4 Qe5 61. Kh4 Kf3 62. Kh3 Qh5# 0-1

[Event "Lanaudiere U1400"]
[Site "Repentigny CAN"]
[Date "2008.08.17"]
[Round "4"]
[White "Pelosse, Jacques"]
[Black "Chiku-Ratte, Olivier-Kenta"]
[Result "0-1"]
[WhiteElo "1250"]
[BlackElo "1305"]
[PlyCount "78"]
[EventDate "2008.08.15"]
[EventType "swiss"]
[EventRounds "5"]
[EventCountry "CAN"]

1. d4 Nf6 2. Nc3 d5 3. e4 dxe4 4. f3 exf3 5. Nxf3 c6 6. Bc4 Bg4 7. h3 Bh5 8. g4
Bg6 9. Ne5 Nbd7 10. Qf3 e6 11. Nxg6 hxg6 12. O-O Qe7 13. Bg5 O-O-O 14. a3 a5
15. Ne4 Rh7 16. c3 Kc7 17. Rae1 b5 18. Bd3 Rc8 19. Nxf6 gxf6 20. Qg3+ Kb7 21.
Bd2 Bg7 22. Qg2 Ka7 23. Be3 Ka6 24. Bd2 Nb6 25. Be4 Kb7 26. d5 cxd5 27. Bxd5+
Nxd5 28. Qxd5+ exd5 29. Rxe7+ Rc7 30. Rxc7+ Kxc7 31. Bf4+ Kc6 32. Kg2 Bf8 33.
Bd2 Be7 34. Rc1 Bd8 35. Be3 f5 36. gxf5 gxf5 37. Rh1 Bh4 38. Bf4 f6 39. Re1
Bxe1 0-1

[Event "Lanaudiere U1400"]
[Site "Repentigny CAN"]
[Date "2008.08.17"]
[Round "5"]
[White "Chiku-Ratte, Olivier-Kenta"]
[Black "Trottier, Claire"]
[Result "1-0"]
[WhiteElo "1305"]
[BlackElo "1230"]
[PlyCount "133"]
[EventDate "2008.08.15"]
[EventType "swiss"]
[EventRounds "5"]
[EventCountry "CAN"]

1. d4 d5 2. c4 e6 3. Nc3 Nf6 4. Bg5 Be7 5. cxd5 exd5 6. e3 h6 7. Bh4 O-O 8. Nf3
Bg4 9. Be2 Nbd7 10. Qb3 Nb6 11. O-O Rb8 12. h3 Bh5 13. Rac1 Re8 14. a4 a5 15.
Ne5 Bxe2 16. Nxe2 Ne4 17. Bxe7 Rxe7 18. Rfd1 Qd6 19. Nc3 Qb4 20. Qxb4 axb4 21.
Nxe4 dxe4 22. b3 Nd5 23. Rc4 Nc3 24. Rd2 Nb1 25. Rb2 Nc3 26. Rxb4 c5 27. Rc4
cxd4 28. exd4 Nd5 29. b4 Nb6 30. Rc1 Nxa4 31. Rbc2 Nb6 32. Rc7 Rxc7 33. Rxc7 f6
34. Nd7 Nd5 35. Rc5 Nxb4 36. Nxb8 Nd3 37. Rb5 Nf4 38. Kf1 Ne6 39. d5 Nc7 40.
Rc5 Ne8 41. Ke2 Nd6 42. Nd7 Kf7 43. Nb6 f5 44. Nc4 Ne8 45. Rb5 Nf6 46. Na5 b6
47. Nc4 Ke7 48. Nxb6 Kd6 49. Nc4+ Kd7 50. Ke3 g5 51. Kd4 g4 52. hxg4 Nxg4 53.
Rb2 h5 54. Kc5 f4 55. d6 e3 56. fxe3 fxe3 57. Re2 Nh6 58. Rxe3 Nf5 59. Re5 Ng7
60. Re7+ Kd8 61. Rxg7 h4 62. Kc6 Ke8 63. Rd7 h3 64. gxh3 Kf8 65. Re7 Kg8 66. d7
Kf8 67. d8=Q# 1-0

[Event "North American op"]
[Site "Las Vegas USA"]
[Date "2023.12.26"]
[Round "2.4"]
[White "Andriasian, Zaven"]
[Black "Chiku-Ratte, Olivier-Kenta"]
[Result "1/2-1/2"]
[WhiteElo "2581"]
[BlackElo "2323"]
[PlyCount "121"]
[EventDate "2023.12.26"]
[EventType "swiss"]
[EventRounds "9"]
[EventCountry "USA"]
[Source "ChessMix"]
[SourceDate "2024.01.10"]

1. e4 e5 2. Nf3 Nc6 3. Bc4 Nf6 4. d3 Bc5 5. Nbd2 d6 6. c3 a6 7. Bb3 h6 8. Nf1
Be6 9. Ng3 d5 10. Qe2 dxe4 11. dxe4 Bxb3 12. axb3 g6 13. O-O Ba7 14. b4 Kf8 15.
Kh1 Kg7 16. Nh4 Qd7 17. h3 Rad8 18. f4 Qd3 19. Qe1 Rde8 20. Rf3 Qc2 21. Be3
exf4 22. Rxf4 Bxe3 23. Qxe3 Nd5 24. Nh5+ Kg8 25. Rxf7 gxh5 26. Qg3+ Kxf7 27.
exd5 Ne5 28. Rf1+ Ke7 29. Qxe5+ Kd8 30. Qxh5 Rhf8 31. Nf3 Kc8 32. Qxh6 Rg8 33.
Nh4 Qd3 34. Qf4 Qxd5 35. c4 Qe4 36. b3 Rgf8 37. Nf5 Kb8 38. Qxe4 Rxe4 39. Rf3
Re5 40. g4 Re2 41. Kg1 Rd8 42. Rf2 Rdd2 43. Rxe2 Rxe2 44. Kf1 Rh2 45. h4 Kc8
46. h5 Kd7 47. Kg1 Rd2 48. g5 Ke6 49. Ne3 Re2 50. Nd5 Kf7 51. g6+ Kg7 52. Nxc7
Re5 53. Kf2 Rxh5 54. Ne6+ Kg8 55. Nc5 a5 56. Nxb7 axb4 57. Ke3 Rh3+ 58. Kd4
Rxb3 59. c5 Rc3 60. Na5 Rxc5 61. Ke4 1/2-1/2

[Event "CAN-ch"]
[Site "Toronto CAN"]
[Date "2024.03.27"]
[Round "1.11"]
[White "Chiku-Ratte, Olivier-Kenta"]
[Black "Kang, Dorian"]
[Result "1-0"]
[WhiteElo "2335"]
[BlackElo "2102"]
[PlyCount "51"]
[EventDate "2024.03.27"]
[EventType "swiss"]
[EventRounds "10"]
[EventCountry "CAN"]

1. d4 e6 2. c4 Nf6 3. g3 d5 4. Bg2 c6 5. Nf3 Nbd7 6. Nbd2 Bd6 7. O-O O-O 8. Qc2
Qe7 9. Re1 Rd8 10. e4 Nxe4 11. Nxe4 dxe4 12. Qxe4 Nf6 13. Qc2 c5 14. d5 e5 15.
Nxe5 Ng4 16. Nf3 Qc7 17. h3 Ne5 18. Ng5 g6 19. Ne4 Bf5 20. Bg5 Rf8 21. Nf6+ Kg7
22. Qc3 Be7 23. Rxe5 Bxf6 24. Bxf6+ Kxf6 25. Re6+ Kg5 26. Qe3+ 1-0

[Event "CAN-ch"]
[Site "Toronto CAN"]
[Date "2024.03.28"]
[Round "2.9"]
[White "Derraugh, Geordie"]
[Black "Chiku-Ratte, Olivier-Kenta"]
[Result "1-0"]
[WhiteElo "2189"]
[BlackElo "2335"]
[PlyCount "41"]
[EventDate "2024.03.27"]
[EventType "swiss"]
[EventRounds "10"]
[EventCountry "CAN"]

1. d4 Nf6 2. c4 e6 3. Nc3 Bb4 4. Qc2 d6 5. Bd2 O-O 6. e3 b6 7. a3 Bxc3 8. Bxc3
Bb7 9. f3 c5 10. dxc5 dxc5 11. Bd3 Nbd7 12. f4 Qc7 13. Nf3 Bxf3 14. gxf3 e5 15.
Rg1 exf4 16. Bxh7+ Kh8 17. Qg2 Nh5 18. Bxg7+ Kxh7 19. Qg5 f6 20. Qxh5+ Kg8 21.
Bxf6# 1-0

[Event "CAN-ch"]
[Site "Toronto CAN"]
[Date "2024.03.28"]
[Round "3.12"]
[White "Chiku-Ratte, Olivier-Kenta"]
[Black "Noritsyn, Sergey"]
[Result "0-1"]
[WhiteElo "2335"]
[BlackElo "2191"]
[PlyCount "74"]
[EventDate "2024.03.27"]
[EventType "swiss"]
[EventRounds "10"]
[EventCountry "CAN"]

1. d4 Nf6 2. c4 c6 3. Nf3 d5 4. Qb3 e6 5. g3 Nbd7 6. Bg2 Be7 7. O-O O-O 8. Nc3
b6 9. cxd5 cxd5 10. Bf4 Bb7 11. Nb5 Ne4 12. Rac1 a6 13. Bc7 Qe8 14. Nc3 b5 15.
Nxe4 dxe4 16. Nd2 Nf6 17. Qc2 Rc8 18. Qb1 Qd7 19. Bf4 Qxd4 20. Rcd1 Qa4 21. Bg5
Rc2 22. Nb3 Re8 23. Nd4 Rc5 24. b3 Qb4 25. Bxf6 Bxf6 26. e3 h5 27. h4 e5 28.
Nf5 Rd5 29. Rxd5 Bxd5 30. Rd1 Rd8 31. Qc2 g6 32. Rxd5 Rxd5 33. Bxe4 Qe1+ 34.
Kh2 Rd2 35. Qc8+ Kh7 36. Qb7 Qxf2+ 37. Bg2 Qxg2+ 0-1

[Event "CAN-ch"]
[Site "Toronto CAN"]
[Date "2024.03.29"]
[Round "4.20"]
[White "Liu, Zachary Hankun"]
[Black "Chiku-Ratte, Olivier-Kenta"]
[Result "0-1"]
[WhiteElo "1910"]
[BlackElo "2335"]
[PlyCount "76"]
[EventDate "2024.03.27"]
[EventType "swiss"]
[EventRounds "10"]
[EventCountry "CAN"]

1. c4 Nf6 2. g3 e6 3. Bg2 d5 4. Nf3 Be7 5. O-O O-O 6. d3 c6 7. b3 a5 8. a3 b5
9. Nbd2 Bb7 10. Bb2 Nbd7 11. Qc2 Qb6 12. Rab1 Rfd8 13. Rfc1 Rac8 14. b4 axb4
15. axb4 dxc4 16. dxc4 c5 17. bxc5 Bxc5 18. e3 b4 19. Bd4 Qc7 20. Qb2 e5 21.
Nxe5 Bxg2 22. Kxg2 Nxe5 23. Bxe5 Rxd2 24. Bxc7 Rxb2 25. Rxb2 Rxc7 26. Kf3 Kf8
27. Rb3 Ra7 28. Rc2 Ke7 29. Rd2 Nd7 30. Rdb2 Ne5+ 31. Ke4 Ke6 32. g4 Nxg4 33.
Kf3 Ne5+ 34. Ke2 Ra3 35. Rxb4 Bxb4 36. Rxb4 Ra2+ 37. Kf1 Rxf2+ 38. Kg1 Rc2 0-1

[Event "CAN-ch"]
[Site "Toronto CAN"]
[Date "2024.03.30"]
[Round "5.13"]
[White "Chiku-Ratte, Olivier-Kenta"]
[Black "Doknjas, John"]
[Result "0-1"]
[WhiteElo "2335"]
[BlackElo "2190"]
[PlyCount "84"]
[EventDate "2024.03.27"]
[EventType "swiss"]
[EventRounds "10"]
[EventCountry "CAN"]

1. d4 Nf6 2. c4 g6 3. Nc3 d5 4. cxd5 Nxd5 5. e4 Nxc3 6. bxc3 Bg7 7. Nf3 c5 8.
Rb1 O-O 9. Be2 cxd4 10. cxd4 Qa5+ 11. Bd2 Qxa2 12. O-O Bg4 13. Bg5 h6 14. Bh4
a5 15. Rxb7 Rd8 16. d5 a4 17. h3 Rd7 18. Rxb8+ Rxb8 19. hxg4 a3 20. Bg3 Rb4 21.
d6 exd6 22. e5 Qb2 23. Qd5 Qxe2 24. Qa8+ Bf8 25. Re1 Qc2 26. Qxa3 Rb1 27. Rxb1
Qxb1+ 28. Kh2 dxe5 29. Qa8 e4 30. Ne5 Rd1 31. Bf4 Rh1+ 32. Kg3 Qb3+ 33. Be3 Qe6
34. Qb8 Qd6 35. Qe8 Qe7 36. Qb8 Qh4+ 37. Kf4 Qf6+ 38. Kxe4 Kg7 39. Bd4 Re1+ 40.
Kd3 Bd6 41. Nf3 Rd1+ 42. Ke2 Rxd4 0-1

[Event "Aurora Spring op"]
[Site "Newmarket CAN"]
[Date "2024.03.23"]
[Round "1.2"]
[White "Zhao, Jifan"]
[Black "Chiku-Ratte, Olivier-Kenta"]
[Result "0-1"]
[WhiteElo "1899"]
[BlackElo "2335"]
[PlyCount "58"]
[EventDate "2024.03.23"]
[EventType "swiss"]
[EventRounds "5"]
[EventCountry "CAN"]

1. e4 e5 2. Nf3 Nc6 3. Bb5 g6 4. c3 Bg7 5. O-O a6 6. Ba4 d6 7. h3 Bd7 8. d4 Nf6
9. Bg5 h6 10. Bxf6 Bxf6 11. dxe5 dxe5 12. Qd5 Qe7 13. Rd1 O-O-O 14. Qc4 Na5 15.
Bxd7+ Qxd7 16. Rxd7 Nxc4 17. Rxf7 Rd1+ 18. Kh2 Bd8 19. a4 Nd6 20. Rg7 Nxe4 21.
a5 Nxf2 22. Rxg6 e4 23. Nd4 Re8 24. Re6 Rxe6 25. Nxe6 e3 26. Nd4 c5 27. Ne2 Re1
28. Nf4 Bc7 29. g3 Bxf4 0-1

[Event "Aurora Spring op"]
[Site "Newmarket CAN"]
[Date "2024.03.23"]
[Round "2.2"]
[White "Chiku-Ratte, Olivier-Kenta"]
[Black "Kang, Dorian"]
[Result "0-1"]
[WhiteElo "2335"]
[BlackElo "2102"]
[Annotator "vyras"]
[PlyCount "230"]
[EventDate "2024.03.23"]
[EventType "swiss"]
[EventRounds "5"]
[EventCountry "CAN"]

1. d4 e6 2. c4 Nf6 3. Nf3 b6 4. g3 Bb7 5. Bg2 Bb4+ 6. Nbd2 O-O 7. O-O d5 8. a3
Be7 9. b3 Nbd7 10. Bb2 Rc8 11. Rc1 dxc4 12. bxc4 c5 13. e3 Rc7 14. Re1 Qa8 15.
Qe2 Ne4 16. Nxe4 Bxe4 17. Red1 Nf6 18. Ne1 cxd4 19. exd4 Rfc8 20. Bf1 h6 21. f3
Bb7 22. Qe3 Ne8 23. g4 Ba6 24. c5 Bxf1 25. Kxf1 Bg5 26. f4 Qh1+ 27. Qg1 Qxg1+
28. Kxg1 Bxf4 29. Rc2 bxc5 30. d5 exd5 31. Rxd5 c4 32. Bc3 Bd6 33. a4 Rc5 34.
Rd1 Rg5 35. h3 Rg6 36. Nf3 Bc5+ 37. Kg2 Ra6 38. a5 Nd6 39. Ne5 Ne4 40. Rd7 f6
41. Nxc4 Nxc3 42. Rxc3 Bb4 43. Rc2 Rac6 44. Rxa7 Rxc4 45. Rxc4 Rxc4 46. a6 Rc2+
47. Kf3 Rh2 48. Rb7 Rxh3+ 49. Ke4 Ra3 50. a7 Kh7 51. Rxb4 Rxa7 52. Rb5 Kg6 53.
Kf4 Ra4+ 54. Kf3 Ra1 55. Rc5 Re1 56. Kf4 Rh1 57. Kg3 h5 58. gxh5+ Rxh5 59. Rc7
Ra5 60. Rc4 Ra6 61. Rg4+ Kf7 62. Kh4 g5+ 63. Kh5 Ra1 64. Rb4 Rh1+ 65. Kg4 Kg6
66. Rb6 Rh4+ 67. Kg3 Re4 68. Kf3 Rf4+ 69. Kg3 Kh5 70. Rc6 f5 71. Rc8 Rb4 72.
Rh8+ Kg6 73. Rg8+ Kh6 74. Rh8+ Kg7 75. Rc8 Rb3+ 76. Kg2 Re3 77. Kf2 f4 78. Rc6
Kf7 79. Kg2 Re6 80. Rc8 Kg6 81. Rf8 Rf6 82. Rg8+ Kf5 83. Kf3 Rf7 84. Rh8 g4+
85. Kf2 Re7 86. Rf8+ Ke4 87. Rg8 Kf5 88. Rf8+ Kg5 89. Rg8+ Kh5 90. Rh8+ Kg6 91.
Rg8+ Rg7 92. Rh8 Kg5 93. Kg2 Rg6 94. Kf2 Rf6 95. Rg8+ Kf5 96. Rh8 Re6 97. Rf8+
Ke4 98. Rg8 g3+ 99. Kg2 Re5 100. Ra8 Rd5 101. Re8+ Re5 102. Ra8 Kf5 103. Rf8+
Kg4 104. Rg8+ Rg5 105. Rf8 Rg7 106. Rf6 Rd7 107. Rg6+ Kf5 108. Rg8 Rd2+ 109.
Kg1 Ke4 110. Re8+ Kf3 111. Re1 Kg4 112. Re4 Kh3 113. Re1 f3 114. Ra1 Re2 115.
Kh1 g2+ 0-1

[Event "Aurora Spring op"]
[Site "Newmarket CAN"]
[Date "2024.03.23"]
[Round "3.3"]
[White "Hoekman, Samuel"]
[Black "Chiku-Ratte, Olivier-Kenta"]
[Result "0-1"]
[WhiteElo "1864"]
[BlackElo "2335"]
[PlyCount "102"]
[EventDate "2024.03.23"]
[EventType "swiss"]
[EventRounds "5"]
[EventCountry "CAN"]

1. d4 Nf6 2. c4 e6 3. g3 d5 4. Bg2 Be7 5. Nf3 O-O 6. O-O dxc4 7. Qc2 a6 8. a4
Bd7 9. Qxc4 Bc6 10. Bg5 Nbd7 11. Nc3 a5 12. Rfd1 Bxf3 13. Bxf3 c6 14. Bxf6 Nxf6
15. e3 Qb6 16. Kg2 Rfd8 17. h4 Rd7 18. Qe2 Rad8 19. Rac1 Ne8 20. Ne4 Qb3 21.
Qc2 Qxc2 22. Rxc2 Nc7 23. Nc5 Bxc5 24. Rxc5 Ra8 25. Rb1 Rdd8 26. Rbc1 Kf8 27.
Rh5 Kg8 28. Rhc5 Ra6 29. Be2 Ra7 30. Bf3 Kf8 31. Be4 h6 32. g4 Ke7 33. f4 Nd5
34. Bxd5 Rxd5 35. Kf3 Ra6 36. Rxd5 exd5 37. Rc5 Kd6 38. b3 b6 39. Rc2 Ra8 40.
h5 c5 41. e4 dxe4+ 42. Kxe4 Re8+ 43. Kd3 Kd5 44. dxc5 bxc5 45. Rc1 Rb8 46. Rb1
Rxb3+ 47. Rxb3 c4+ 48. Kc3 cxb3 49. Kxb3 Kd4 50. f5 f6 51. g5 fxg5 0-1

[Event "Aurora Spring op"]
[Site "Newmarket CAN"]
[Date "2024.03.24"]
[Round "4.3"]
[White "Chiku-Ratte, Olivier-Kenta"]
[Black "Marin, Sam"]
[Result "1-0"]
[WhiteElo "2335"]
[BlackElo "2036"]
[PlyCount "139"]
[EventDate "2024.03.23"]
[EventType "swiss"]
[EventRounds "5"]
[EventCountry "CAN"]

1. d4 d5 2. c4 Nc6 3. Nc3 Nf6 4. cxd5 Nxd5 5. e4 Nxc3 6. bxc3 e5 7. d5 Nb8 8.
Nf3 Nd7 9. Bb5 Bd6 10. O-O O-O 11. Bxd7 Bxd7 12. c4 f5 13. Bb2 fxe4 14. Nd2 e3
15. fxe3 Qg5 16. Qe1 Bc5 17. Nf3 Qxe3+ 18. Kh1 e4 19. Qg3 Rf7 20. Rfe1 Qf4 21.
Ne5 Qxg3 22. hxg3 e3 23. Nd3 Bd6 24. Rxe3 b6 25. Rae1 Raf8 26. Be5 Rf1+ 27.
Rxf1 Rxf1+ 28. Kh2 Kf7 29. Bf4 Ra1 30. Ne5+ Bxe5 31. Bxe5 Rxa2 32. Bxc7 Rc2 33.
Bd8 Bg4 34. Re4 h5 35. Re7+ Kf8 36. Rxa7 Rxc4 37. Bxb6 Rc2 38. d6 Rd2 39. Be3
Rd3 40. Bf4 g6 41. Kg1 Ke8 42. Rg7 Bf5 43. Kf2 Kd8 44. Ke2 Kc8 45. Rc7+ Kd8 46.
Rc5 Rb3 47. Be5 Bg4+ 48. Kd2 Bf5 49. Rc7 Rd3+ 50. Kc1 Ke8 51. Re7+ Kd8 52. Bf4
Kc8 53. Rf7 Kd8 54. Bg5+ Kc8 55. Rc7+ Kb8 56. Bf4 Ka8 57. Kb2 Be6 58. Rg7 Bf5
59. Re7 Bg4 60. Rh7 Bf5 61. Rg7 Rd5 62. Kc3 Rd3+ 63. Kc4 Rd1 64. Kc5 Rd3 65.
Kc6 Rc3+ 66. Kd5 Rd3+ 67. Ke5 Kb8 68. Kf6 Kc8 69. Rc7+ Kd8 70. Kf7 1-0

[Event "Aurora Spring op"]
[Site "Newmarket CAN"]
[Date "2024.03.24"]
[Round "5.1"]
[White "Noritsyn, Nikolay"]
[Black "Chiku-Ratte, Olivier-Kenta"]
[Result "1-0"]
[WhiteElo "2451"]
[BlackElo "2335"]
[PlyCount "69"]
[EventDate "2024.03.23"]
[EventType "swiss"]
[EventRounds "5"]
[EventCountry "CAN"]

1. e4 e5 2. Nf3 Nc6 3. Bb5 a6 4. Ba4 Nf6 5. O-O b5 6. Bb3 Bc5 7. d3 d6 8. a4
Rb8 9. axb5 axb5 10. Be3 Bxe3 11. fxe3 O-O 12. Qe1 Be6 13. Qc3 Bxb3 14. Qxb3
Nd7 15. d4 Nf6 16. Nbd2 d5 17. Nxe5 Nxe5 18. dxe5 Ng4 19. exd5 Nxe5 20. e4 c6
21. h3 Rc8 22. Rad1 cxd5 23. exd5 Qb6+ 24. Kh1 Qg6 25. c3 Nd3 26. Qxb5 Rb8 27.
Qc6 Qxc6 28. dxc6 Nxb2 29. Rb1 Na4 30. Rxb8 Rxb8 31. c7 Rc8 32. Rb1 Kf8 33. Rb8
Nb6 34. Nc4 Ke7 35. Nxb6 1-0

[Event "RA March op"]
[Site "Ottawa CAN"]
[Date "2024.03.01"]
[Round "1.2"]
[White "Chiku-Ratte, Olivier-Kenta"]
[Black "Rousskikh, Maxim"]
[Result "1-0"]
[WhiteElo "2454"]
[BlackElo "2034"]
[PlyCount "39"]
[EventDate "2024.03.01"]
[EventType "swiss"]
[EventRounds "5"]
[EventCountry "CAN"]

1. d4 d5 2. c4 c6 3. Nf3 Nf6 4. Nc3 e6 5. e3 Nbd7 6. Qc2 Bd6 7. g4 h6 8. Rg1 e5
9. cxd5 cxd5 10. Nb5 Bb8 11. Bd2 a6 12. Rc1 axb5 13. Qxc8 e4 14. g5 hxg5 15.
Qxd8+ Kxd8 16. Nxg5 Rxh2 17. Bb4 Bc7 18. Nxf7+ Ke8 19. Rxg7 Ba5 20. Nd6+ 1-0

[Event "RA March op"]
[Site "Ottawa CAN"]
[Date "2024.03.01"]
[Round "2.2"]
[White "Azar, Sebastien"]
[Black "Chiku-Ratte, Olivier-Kenta"]
[Result "0-1"]
[WhiteElo "2225"]
[BlackElo "2454"]
[PlyCount "92"]
[EventDate "2024.03.01"]
[EventType "swiss"]
[EventRounds "5"]
[EventCountry "CAN"]

1. d4 Nf6 2. Nf3 e6 3. c4 d5 4. Nc3 Bb4 5. Qc2 O-O 6. Bg5 h6 7. Bxf6 Qxf6 8.
cxd5 exd5 9. e3 c5 10. Be2 c4 11. O-O Bf5 12. Qd2 Qd8 13. a3 Ba5 14. Bd1 Nd7
15. Bc2 Be4 16. Ne1 Nf6 17. f3 Bxc2 18. Nxc2 Re8 19. Rab1 Qb6 20. Rfe1 Re7 21.
Kh1 Rae8 22. Na1 Qc6 23. Rbc1 Bc7 24. g3 h5 25. Nc2 Qd7 26. Qg2 Qf5 27. Re2 Ba5
28. Nd1 Qd3 29. Nb4 Bxb4 30. axb4 Qb3 31. b5 Qxb5 32. Nc3 Qc6 33. Rce1 b5 34.
e4 dxe4 35. Nxe4 Nd5 36. Nc5 h4 37. Qf2 hxg3 38. hxg3 Qh6+ 39. Kg2 Rxe2 40.
Rxe2 Rxe2 41. Qxe2 Qe3 42. Qd1 f5 43. Qa1 Qe2+ 44. Kh3 Qxf3 45. Ne6 Qh5+ 46.
Kg2 Qe2+ 0-1